| 000 | 01306njm a2200313Ia 4500 | ||
|---|---|---|---|
| 001 | 24316 | ||
| 003 | IT-RoPAU | ||
| 005 | 20220918181151.0 | ||
| 008 | 131025s9999 xx 000 0 und d | ||
| 040 | _aIT-RoPAU | ||
| 040 | _cIT-RoPAU | ||
| 041 | _aITALIANO | ||
| 999 |
_c102113 _d102113 |
||
| 999 | _bn.d. | ||
| 100 |
_aSabbi Loredana _910168 |
||
| 100 |
_eAutore musica _910169 |
||
| 100 |
_gCodice autore musica SPICS: 8176 _910170 |
||
| 245 | _aPerché... Gioco musicale miniquasiscientifico | ||
| 250 | _a1a ed. | ||
| 260 | _aROMA | ||
| 260 |
_bEP - MUSICALI E DISCOGRAFICHE _c1979 [1a Ed.:1979 - Ed. Lingua Orig.: 1979] |
||
| 300 | _aDISCO | ||
| 300 | _c35 minuti (Testo: pag.) | ||
| 500 | _aMusica per l'infanzia. Disco per bambini. Canzoni per giocare. Potenziale di gioco all'interno della canzone. | ||
| 505 | _aPerché? - Pompa su, pompa giù - La pioggia buona, la pioggia cattiva - Perepeppeppè! - Abracadacqua - Che sia un'ape, un bambino, una rosa... - Dimmi, dove sta? - Le gambe della luna - Una quercia racconta - Ciuf, ciuf! | ||
| 650 |
_aCANTI BAMBINI [DISCHI] _eCodice MATERIA SPICS: 9950 _92086 |
||
| 700 |
_aPagano Mario _eAutore _gCodice autore SPICS: 8177 _910171 |
||
| 700 |
_aSterpellone Luciano _eAutore testo e musica _gCodice autore testo/musica SPICS: 27429 _910172 |
||
| 942 |
_cMD _2ddc |
||